000 00802cjm a22002535a 4500
001 2352
005 20250813110318.0
020 _a033500711008
040 _aDLC
_cDLC
_beng
050 0 0 _aPZ8.C488
082 _a398.2094402
100 _aAnonymous
245 0 0 _aWalt Disney's cinderella /
260 _aRacine :
_bWestern Publishing Company,
_c1986,
300 _a25 unnumbered pages :
_billustrations
_c20 cm
505 _aK
520 _aWith the help of her fairy godmother, a kitchen maid mistreated by her stepmother and stepsisters attends the palace ball where she meets the prince of her dreams.
521 _a520
_bLexile estimate
521 _aK
_bRaz-Plus
650 _aFairytale
650 _aPrincess
906 _a0
_bibc
_csrrepla
_d3
_encip
_f20
_gy-genmusic
942 _2ddc
_cBK
_n0
999 _c2352
_d2352